Langenscheidts Universal Wörterbuch, spanisch (Record no. 10711)

MARC details
000 -CABECERA
campo de control de longitud fija 00680nam a2200229 a 4500
001 - NÚMERO DE CONTROL
campo de control BRL_1903
005 - FECHA Y HORA DE LA ÚLTIMA TRANSACCIÓN
campo de control 20190320211427.0
008 - DATOS DE LONGITUD FIJA--INFORMACIÓN GENERAL
campo de control de longitud fija 170815s1931----enk######d---#000-0#ger-#
041 ## - CÓDIGO DE LENGUA
Código de lengua del texto/banda sonora o título independiente gerspa
044 ## - CÓDIGO DEL PAÍS DE LA ENTIDAD EDITORA/PRODUCTORA
Código MARC del país enk
050 #4 - SIGNATURA TOPOGRÁFICA DE LA BIBLIOTECA DEL CONGRESO
Número de clasificación PC4645.G3
Número de documento/Ítem .L36 1931
245 10 - MENCIÓN DE TÍTULO
Título Langenscheidts Universal Wörterbuch, spanisch
260 ## - PUBLICACIÓN, DISTRIBUCIÓN, ETC.
Lugar de publicación, distribución, etc. Berlin
Nombre del editor, distribuidor, etc. Langenscheidtsche Verlagsbuchhandiung
Fecha de publicación, distribución, etc. 1931
300 ## - DESCRIPCIÓN FÍSICA
Extensión 2v. en 1
Dimensiones 10 cm.
500 ## - NOTA GENERAL
Nota general Au2156
500 ## - NOTA GENERAL
Nota general Estado físico: Tiene el lomo desprendido.
500 ## - NOTA GENERAL
Nota general Texto en: español y alemán
651 #4 - PUNTO DE ACCESO ADICIONAL DE MATERIA--NOMBRE GEOGRÁFICO
Nombre geográfico Español
Subdivisión de forma diccionario
Subdivisión general Alemán
9 (RLIN) 28196
651 #4 - PUNTO DE ACCESO ADICIONAL DE MATERIA--NOMBRE GEOGRÁFICO
Nombre geográfico Alemán
Subdivisión de forma diccionario
Subdivisión general Español
9 (RLIN) 28197
902 ## - CATALOGADOR
Iniciales GRL
942 ## - ELEMENTOS DE PUNTO DE ACCESO ADICIONAL (KOHA)
Fuente del sistema de clasificación o colocación Library of Congress Classification
Tipo de ítem Koha Libros
Holdings
Estado de retiro Estado de pérdida Estado dañado No para préstamo Localización permanente Ubicación/localización actual Fecha de adquisición Número de inventario Total de préstamos Signatura topográfica completa Código de barras Fecha visto por última vez Precio válido a partir de Tipo de ítem Koha
El ejemplar forma parte de la colección y puede ser consultado según las políticas vigentes.       Biblioteca Centro de Estudios Ruth D. Lechuga Biblioteca Centro de Estudios Ruth D. Lechuga 17/08/2015 Au2156   PC4645.G3 .L36 1931 (Au2156) GRL02107 22/03/2019 22/03/2019 Libros